00654 2200241 4500001002100000005001500021035002000036007000300056008004100059020002200100082001100122084001700133100002200150245005100172250001000223260003400233650004000267504003100307300003800338990001200376990001200388990001200400INLIS00000000000541820200910111816 a0010-0220000136ta200910 e 0 ind  a978-979-077-931-0 a610.73 a610.73 DEW i0 aDEWI, Sri Maryani1 aIlmu Keperawatan Komunitas /cDewi Sri Maryani acet.1 aBandung :bYrama Widya,c2014 4aPERAWAT DAN PERAWATAN - PERKUMPULAN aBibliografi : hlm. 127-128 aviii, 128 hlm. :bilus. ;c20 cm. a17071 A a17071 B a17071 C